000 00615nam a2200181Ia 4500
008 090123s9999 xx 000 0 und d
082 _b18519
100 _aसोळंकी माधव
245 _aनेहरु युगाच्या आठवणी
250 _a1
260 _bविनय प्रिंटर्स
_c1989
300 _a262
600 _aसोळंकी माधव
630 _aनेहरु युगाच्या आठवणी
700 _aसोळंकी माधव
730 _aनेहरु युगाच्या आठवणी
942 _cBOOK
999 _c56582
_d56582